000 00758cab a2200265 4500
001 ABS53409
008 090401t1995 xxu||||| |||| 00| 0 eng d
035 _a(Sirsi) u3994
041 _aeng
100 _aDumpleton, S.
245 4 _aThe dangerous legacy of dead collieries
260 _c1995
350 _a0
490 _aSurveyor
_v182(5354) 27 August 1995, 22-23(2)
520 _aHighlights the dangers resulting from contaminated water escaping from abandoned mines.
650 _aCOAL MINES
650 _aCONTAMINATED LAND
650 _aDISUSED MINES
650 _aMINEWATER POLLUTION
650 _aWATER POLLUTION
690 _aENVIRONMENTAL AND LAND CONSULTANCY
690 _aMINING AND MINERALS
942 _n0
948 _c04/03/1997
999 _c2396
_d2396